Miền Nam giữ vững thành đồng Lược sử đồng bào miền Nam đấu tranh chống đế quốc Mỹ và tay sai
Từ khi đế quốc Mỹ bắt đầu 'chiến tranh cục bộ' đến trước ngày tổng tấn công (7/1965-1/1968)
Guardat en:
| Autor principal: | |
|---|---|
| Format: | Llibre |
| Idioma: | Undetermined |
| Publicat: |
Hà Nội
KHXH
1970
|
| Matèries: | |
| Etiquetes: |
Afegir etiqueta
Sense etiquetes, Sigues el primer a etiquetar aquest registre!
|
| Thư viện lưu trữ: | Trung tâm Học liệu Trường Đại học Cần Thơ |
|---|
| LEADER | 00808nam a2200193Ia 4500 | ||
|---|---|---|---|
| 001 | CTU_11066 | ||
| 008 | 210402s9999 xx 000 0 und d | ||
| 082 | |a 959.7044 | ||
| 082 | |b Gi111/T4 | ||
| 100 | |a Trần Văn Giàu | ||
| 245 | 0 | |a Miền Nam giữ vững thành đồng | |
| 245 | 0 | |b Lược sử đồng bào miền Nam đấu tranh chống đế quốc Mỹ và tay sai | |
| 245 | 0 | |c Trần Văn Giàu | |
| 260 | |a Hà Nội | ||
| 260 | |b KHXH | ||
| 260 | |c 1970 | ||
| 520 | |a Từ khi đế quốc Mỹ bắt đầu 'chiến tranh cục bộ' đến trước ngày tổng tấn công (7/1965-1/1968) | ||
| 650 | |a america - colonies,civil war,vietnam - history - 1965-1968 | ||
| 980 | |a Trung tâm Học liệu Trường Đại học Cần Thơ | ||